00702nam a2200205Ia 4500008004100000020001400041020001400055040001800069041000800087100001600095245008100111260006300192300002300255500003800278504005300316650002700369650006300396700001900459710001800478130821s1977 xxu gr eng  a199200963 a199200998 aCo-BoUCMbspa00aeng1 aBosson, Rex14aThe mining industry and the developing countriescRex Bosson y Bension Varon aNueva York (Estados Unidos)bOxford University Pressc1977 axii, 292 páginas aDonación Dr. Álvaro Daza Roa. aIncluye referencias bibliográficas e índice.04aEconomía del trabajo04aIndustria mineraxAdministraciónzPaíses en desarrollo1 aVaron, Bension2 aBanco Mundial